Logo BPK

Biblioteka

Politechniki Koszalińskiej

Fish passes - design, dimensions and monitoring / (Rekord nr 45927)

Szczegóły MARC
000 -ETYKIETA REKORDU
podpole kontrolne o stałej długości 01117nam a2200265 i 4500
001 - NUMER KONTROLNY REKORDU
pole kontrolne bg
020 ## - MIĘDZYNARODOWY ZNORMALIZOWANY NUMER KSIĄŻKI - ISBN
ISBN 9251048940
040 ## - ŹRÓDŁO KATALOGOWANIA
Instytucja, która utworzyła rekord BPK
041 1# - KOD JĘZYKA
Kod języka tekstu eng
Kod języka oryginału ger
080 ## - UNIWERSALNA KLASYFIKACJA DZIESIĘTNA - UKD
UKD 627.4/.5:556.5:574.5
920 ## - Międzynarodowy znormalizowany numer książki – ISBN
ISBN 92-5-104894-0
008 - POLE O STAŁEJ DŁUGOŚCI - DANE KONTROLNE
podpole kontrolne o stałej długości s pl f |000 0 pol
245 00 - TYTUŁ/ODPOWIEDZIALNOŚĆ
Tytuł Fish passes - design, dimensions and monitoring /
Pozostałe elementy strefy tytułu i oznaczenia odpowiedzialności DVWK.
246 ## - WARIANT TYTUŁU
Treść wyrażenia wprowadzającego Tyt. oryg.:
Tytuł Fischaufstiegsanlagen - Bemessung, Gestaltung, Funktionskontrolle
260 ## - STREFA ADRESU WYDAWNICZEGO
Miejsce wydania Rome :
Nazwa wydawcy/dystrybutora Food and Agriculture Organization of the United Nations :
-- Deutscher Verband für Wasserwirtschaft und Kulturbau,
Data publikacji, dystrybucji/powstania dokumentu 2002.
300 ## - STREFA OPISU FIZYCZNEGO
Objętość XVII, 118 s., [1] k. tabl. złoż. :
Inne cechy fizyczne il. ;
Rozmiary 30 cm.
500 ## - UWAGI OGÓLNE
Tekst uwagi Tyt. oryg.: "Fischaufstiegsanlagen - Bemessung, Gestaltung, Funktionskontrolle", 1996.
504 ## - UWAGA DOTYCZĄCA BIBLIOGRAFII
Informacje o bibliografii Bibliogr.
650 #9 - HASŁO PRZEDMIOTOWE W FORMIE NAZWY OGÓLNEJ LUB JEDNOSTKOWEJ
Nazwa ogólna lub geograficzna Hydrotechnika
Określnik ogólny wpływ na środowisko
650 #9 - HASŁO PRZEDMIOTOWE W FORMIE NAZWY OGÓLNEJ LUB JEDNOSTKOWEJ
Nazwa ogólna lub geograficzna Rzeki
Określnik ogólny regulacja
-- zagadnienia
650 #9 - HASŁO PRZEDMIOTOWE W FORMIE NAZWY OGÓLNEJ LUB JEDNOSTKOWEJ
Nazwa ogólna lub geograficzna Rzeki
-- ekologia
Określnik ogólny zagadnienia
650 #9 - HASŁO PRZEDMIOTOWE W FORMIE NAZWY OGÓLNEJ LUB JEDNOSTKOWEJ
Nazwa ogólna lub geograficzna Hydrobiologia
Określnik ogólny zagadnienia
856 ## - LOKALIZACJA I DOSTĘP DO ELEKTRONICZNYCH DOKUMENTÓW ZDALNYCH
Link (URL) http://koha.tu.koszalin.pl/cgi-bin/koha/opac-detail.pl?biblionumber=45927
Tekst linku Katalog online BPK
942 ## - DODATKOWE ELEMENTY (KOHA)
Typ dokumentu Książka
Egzemplarze
Wycofany Status egzemplarza Uszkodzony Dostępność Lokalizacja stała Lokalizacja bieżąca Miejsce przechowywania Sygnatura Kod kreskowy Status: wypożyczony Typ dokumentu
      Dostępny Biblioteka Politechniki Koszalińskiej Biblioteka Politechniki Koszalińskiej Wypożyczalnia BG 75283 02257044 03.11.2026 Książka
© 2023 Biblioteka Politechniki Koszalińskiej :: KOHA